00445cam a22001451 450000100100000000500170001000800410002704000250006808200170009310000340011024500630014426000460020730000330025399900130028600000097720200929145446.0750418s1948 nyua 000 0 eng  aDO-SdBNPbspacBNPHU a728.3bP857p1 aPost, Emilyd1872-1960.9342714aThe personality of a house :bthe blue book of home charm. aNew York :bFunk & Wagnalls Co.,c[1948]. axvi, 492 p. :bil. ;c24 cm. c964d964